Pohrajme sa s diktátikmi v druhom ročníku ZŠ pomôcka pre učiteľa i rodiča: pracovný zošit pre žiaka

Bibliographic Details
Main Author: Svobodová, Margita (Author)
Format: Book
Language:Slovak
PhysicalDescription:88 strán ilustácie 20 cm
Published: Bratislava Margita Svobodová 2003
ISBN:8088968259
Edition:5. vyd.
Subjects:

MARC

LEADER 00000cam a2200000 a 4500
001 vtls001481774
003 SK-MaSNL
005 20260302054800.0
008 240226s2003 xo a brf 000 0 slo
015 |a SNBA2005/01-00192 
020 |a 8088968259  |q (brožované) 
035 |a SNK000437071 
035 |a urn:nbn:sk:snk-am3iy3c 
035 |a 6855BF0D-CA53-4AA7-B6EA-0A88E7ED2E8E 
035 |a urn:nbn:sk:snk-am00g4ja 
040 |a SNK  |b slo  |c SNK  |e AACR2 
041 0 |a slo 
044 |a xo  |c SK 
072 7 |a 811.162.4  |x Slovenčina  |2 konspekt 
080 |a (076.1)  |2 2011 
080 |a 811.162.4  |2 2011 
080 |a 81'35  |2 2011 
080 |a 373.3  |2 2011 
080 |a (076.3)  |2 2011 
080 |a (035)  |2 2011 
100 1 |a Svobodová, Margita  |4 aut  |9 16944 
245 1 0 |a Pohrajme sa s diktátikmi v druhom ročníku ZŠ  |b pomôcka pre učiteľa i rodiča: pracovný zošit pre žiaka  |c Margita Svobodová 
250 |a 5. vyd. 
260 |a Bratislava  |b Margita Svobodová  |c 2003 
300 |a 88 strán  |b ilustácie  |c 20 cm 
650 0 7 |a slovenčina  |2 SNKPH  |9 1350 
650 0 7 |a pravopis  |2 SNKPH  |9 868 
650 0 7 |a základné školy  |2 SNKPH  |9 1280 
655 7 |a diktáty a cvičenia  |2 SNKPH  |9 70566 
655 7 |a pracovné zošity  |2 SNKPH  |9 70188 
655 7 |a príručky  |2 SNKPH  |9 74364 
919 |a 80-88968-25-9 
999 |c 1114706  |d 1116636 
952 |t P60, <03>, [BOOK], {603}, -K-  |a SNK  |b SNK  |y PREZ  |7 0  |p 17A0443295  |o snkSC 117342  |i snkKSP 12169/2004  |0 0  |1 0  |4 0  |d 2004-09-17  |f 1  |l 0  |r 2025-10-16 00:00:00  |w 2026-02-24 
952 |t P60, <04>, [BOOK], {604}  |a SNK  |b SNK  |y VYP  |7 0  |p 17A0443301  |o snkSC 117342 D1  |i snkKSP 12170/2004  |0 0  |1 0  |4 0  |d 2004-09-17  |l 0  |r 2005-01-02 00:00:00  |w 2026-02-24